000 00497nam a2200181 a 4500
001 5381
003 CO-ViMGA
008 141112s2004 ck r 000 u spa d
040 _aCO-ViMGA
_bspa
_cCO-ViMGA
082 _aR796.323 P373r
100 1 _aPerea, Rosero Tucidides
_910179
245 1 0 _aReglamento de baloncesto
260 _aBogotá :
_bPanamerciana,
_c1997
300 _a193 p : il
590 _aDatos de inventario : 05456
650 1 4 _aBALONCESTO - REGLAMENTOS
_910188
942 _2ddc
_cBK
999 _c11351
_d11351